Gaming Quiz

Random Gaming or Video Games Quiz

BioShock Plasmids Quiz Stats

 Plays Quiz Updated Aug 6, 2013

     
Support Sporcle.
Go Orange.
Score 0/11 Timer 02:00
1 Play Today
% Correct
Incinerate!
87.6%
Electro Bolt
73.5%
Winter Blast
68.1%
Insect Swarm
62.3%
Telekinesis
57.4%
Hypnotize Big Daddy
43.1%
Enrage
39.5%
Cyclone Trap
36.5%
Target Dummy
33.5%
Security Bullseye
21.9%
Sonic Boom
20.6%

From the Vault

Black or White Blitz

by DarkBadger

If everything isn't black and white, I say, 'Why the hell not?' --John Wayne
Remove Ads.
Support Sporcle.
Get the best of Sporcle when you Go Orange. This ad-free experience offers more features, more stats, and more fun while also helping to support Sporcle. Thank you for becoming a member.

Show Comments

Extras

Top Quizzes Today


Score Distribution

Your Account Isn't Verified!

In order to create a playlist on Sporcle, you need to verify the email address you used during registration. Go to your Sporcle Settings to finish the process.

Report this User

Report this user for behavior that violates our Community Guidelines.

Details: